[Event "St Petersburg Summer op"]
[Site "St Petersburg"]
[Date "2017.08.23"]
[Round "8"]
[White "Smirnov, Dmitrii"]
[Black "Sudomir, Jean Denis"]
[Result "1/2-1/2"]
[WhiteElo "1668"]
[BlackElo "1730"]
[PlyCount "60"]
[EventDate "2017.08.16"]
[EventType "swiss"]
[EventRounds "9"]
[EventCountry "RUS"]
[SourceTitle "CBM 180 Extra"]
[Source "ChessBase"]
[SourceDate "2017.10.06"]
[SourceVersion "1"]
[SourceVersionDate "2017.10.06"]
[SourceQuality "1"]

1. e4 c6 2. d4 d5 3. exd5 cxd5 4. Bd3 Nf6 5. h3 Nc6 6. c3 e5 7. dxe5 Nxe5 8. Qe2 Qe7 9. Bc2 Nc6 10. Qxe7+ Bxe7 11. Be3 Be6 12. Nd2 0-0 13. Ngf3 h6 14. Nb3 Rac8 15. 0-0-0 Nd7 16. Nfd4 Nxd4 17. Nxd4 Bf6 18. Rhe1 a6 19. Bf4 Bxd4 20. Rxd4 Rc4 21. Red1 Nb6 22. Bb3 Rxd4 23. Rxd4 Nc4 24. Bd1 b5 25. Bf3 Rd8 26. b3 Nd6 27. Bxd6 Rxd6 28. c4 bxc4 29. bxc4 Rc6 30. Bxd5 Bxd5 1/2-1/2

[Event "St Petersburg Summer op"]
[Site "St Petersburg"]
[Date "2017.08.16"]
[Round "1"]
[White "Babanin, Gleb"]
[Black "Smirnov, Dmitrii"]
[Result "1-0"]
[WhiteElo "2137"]
[BlackElo "1668"]
[PlyCount "73"]
[EventDate "2017.08.16"]
[EventType "swiss"]
[EventRounds "9"]
[EventCountry "RUS"]
[SourceTitle "CBM 180 Extra"]
[Source "ChessBase"]
[SourceDate "2017.10.06"]
[SourceVersion "1"]
[SourceVersionDate "2017.10.06"]
[SourceQuality "1"]

1. e4 c5 2. Nf3 Nc6 3. Bb5 Nf6 4. Bxc6 bxc6 5. d3 e6 6. 0-0 Be7 7. e5 Nd5 8. c4 Nc7 9. Nc3 d5 10. exd6 Bxd6 11. Ne4 e5 12. Nxd6+ Qxd6 13. Nxe5 0-0 14. Bf4 Qd4 15. Qd2 Ne6 16. Bg3 Nd8 17. Rfe1 Bf5 18. Qg5 g6 19. Qf6 Ne6 20. Ng4 Qxf6 21. Nxf6+ Kg7 22. Be5 Rfd8 23. Rad1 g5 24. g4 Bg6 25. h4 h6 26. Re3 a6 27. Rh3 Ra7 28. hxg5 hxg5 29. Ne4+ Kf8 30. Rh8+ Ke7 31. Bf6+ Kd7 32. Bxd8 Nxd8 33. Nxc5+ Ke7 34. Re1+ Ne6 35. Rc8 Kd6 36. Nxe6 fxe6 37. Rg8 1-0